[Event "TORNEO INT S/C DE LA PALMA"]
[Site "SANTA CRUZ DE LA PALMA"]
[Date "2007.09.11"]
[Round "1.1"]
[White "Guliev, Logman"]
[Black "Cabrera Trujillo, Jorge"]
[Result "1-0"]
[WhiteElo "2454"]
[BlackElo "2324"]
[PlyCount "73"]
[EventDate "2007.09.??"]
[EventType "tourn"]
[EventRounds "10"]
[EventCountry "ESP"]
[EventCategory "9"]

1. e4 c5 2. Nf3 d6 3. d4 cxd4 4. Nxd4 Nf6 5. Nc3 g6 6. Bc4 Bg7 7. O-O O-O 8. h3
Nc6 9. Be3 Bd7 10. Qd2 Nxd4 11. Bxd4 b5 12. Bd3 e5 13. Be3 b4 14. Ne2 Bc6 15.
Bg5 d5 16. Qxb4 dxe4 17. Bc4 Nd5 18. Bxd5 Qxd5 19. Rfd1 Rab8 20. Rxd5 Rxb4 21.
Rc5 Rc8 22. b3 f5 23. Rd1 Kf7 24. c4 Rb7 25. Rd6 Rb6 26. Ra5 Rb7 27. Nc3 Bf8
28. Rf6+ Kg8 29. Ra6 Be8 30. Rfe6 Kf7 31. Nd5 Bg7 32. Bf6 Bxf6 33. Nxf6 h6 34.
Nxe8 Rxe8 35. Rxg6 Rd7 36. Raf6+ Ke7 37. Rxf5 1-0

[Event "TORNEO INT S/C DE LA PALMA"]
[Site "SANTA CRUZ DE LA PALMA"]
[Date "2007.09.11"]
[Round "1.2"]
[White "Almeida Quintana, Omar"]
[Black "Hernandez Carmenates, Holden"]
[Result "1/2-1/2"]
[WhiteElo "2501"]
[BlackElo "2544"]
[PlyCount "149"]
[EventDate "2007.09.??"]
[EventType "tourn"]
[EventRounds "10"]
[EventCountry "ESP"]
[EventCategory "9"]

1. d4 Nf6 2. Nf3 e6 3. c4 b6 4. a3 Bb7 5. Nc3 d5 6. cxd5 Nxd5 7. Bd2 Nxc3 8.
Bxc3 Nd7 9. Qc2 Nf6 10. e3 Bd6 11. Bb5+ c6 12. Bd3 Nd5 13. Bd2 g6 14. h4 h6 15.
e4 Nf4 16. Bf1 Nh5 17. Be3 O-O 18. O-O-O b5 19. Bd2 b4 20. axb4 a5 21. e5 Bxb4
22. Bxh6 a4 23. Bc4 a3 24. Bxf8 Kxf8 25. Qb3 c5 26. Ng5 axb2+ 27. Kb1 Ra1+ 28.
Kxb2 Ra3 29. Qc2 Qa5 30. Rh3 Nf4 31. Rxa3 Qxa3+ 32. Kb1 Bd5 33. dxc5 Bc3 34.
Qb3 Qxb3+ 35. Bxb3 Bxb3 36. Rd7 Bxe5 37. Nxf7 Bc3 38. c6 Nd5 39. c7 Nxc7 40.
Rxc7 Ba5 41. Ra7 Be1 42. Ne5 Kg8 43. Nd3 Bd2 44. g3 Bd5 45. Kc2 Bh6 46. Nf4
Be4+ 47. Kc3 Bg7+ 48. Kc4 e5 49. Ne6 Bf6 50. Kc5 Bf5 51. Kd6 e4 52. Ng5 Bd4 53.
Ra2 e3 54. fxe3 Bxe3 55. Ra8+ Kg7 56. Ne6+ Kh7 57. Ke5 Bf2 58. Ra3 Kh6 59. Kf6
Be1 60. Nd4 Bh3 61. Ra8 Kh5 62. Rh8+ Kg4 63. Kxg6 Bf1 64. Kf6 Kxg3 65. h5 Kg4
66. h6 Bd3 67. h7 Bc3 68. Ke5 Kh5 69. Kd5 Kh6 70. Rg8 Bxh7 71. Rg3 Bxd4 72.
Kxd4 Bb1 73. Ke5 Kh7 74. Kf6 Kh8 75. Rg6 1/2-1/2

[Event "TORNEO INT S/C DE LA PALMA"]
[Site "SANTA CRUZ DE LA PALMA"]
[Date "2007.09.11"]
[Round "1.3"]
[White "Llanes Hurtado, Miguel"]
[Black "Babaev, Rashad"]
[Result "1-0"]
[WhiteElo "2446"]
[BlackElo "2488"]
[PlyCount "61"]
[EventDate "2007.09.??"]
[EventType "tourn"]
[EventRounds "10"]
[EventCountry "ESP"]
[EventCategory "9"]

1. d4 Nf6 2. c4 g6 3. Nc3 Bg7 4. e4 d6 5. Nf3 O-O 6. Be2 e5 7. O-O Nc6 8. d5
Ne7 9. b4 Nh5 10. Re1 f5 11. Ng5 Nf6 12. Bf3 c6 13. b5 cxd5 14. cxd5 h6 15. Ne6
Bxe6 16. dxe6 Rc8 17. Qb3 d5 18. Nxd5 Nfxd5 19. exd5 e4 20. d6 Qxd6 21. Ba3 Qf4
22. Rad1 Rc3 23. Qb4 Rc7 24. Rd7 Re8 25. g3 Qe5 26. Bxe4 fxe4 27. Qxe4 Qxe4 28.
Rxe4 Nd5 29. Rxd5 Bf8 30. Rd7 Rxe6 31. Rxc7 1-0

[Event "TORNEO INT S/C DE LA PALMA"]
[Site "SANTA CRUZ DE LA PALMA"]
[Date "2007.09.12"]
[Round "2.1"]
[White "Cabrera Trujillo, Jorge"]
[Black "Babaev, Rashad"]
[Result "0-1"]
[WhiteElo "2324"]
[BlackElo "2488"]
[PlyCount "104"]
[EventDate "2007.09.??"]
[EventType "tourn"]
[EventRounds "10"]
[EventCountry "ESP"]
[EventCategory "9"]

1. e4 c5 2. Nf3 d6 3. d4 cxd4 4. Nxd4 Nf6 5. Nc3 Nc6 6. Bg5 e6 7. Qd2 a6 8.
O-O-O Bd7 9. f4 h6 10. Bh4 g5 11. fxg5 Ng4 12. Nf3 hxg5 13. Bg3 Be7 14. Bxd6
Bxd6 15. Qxd6 Nf2 16. Nd5 exd5 17. exd5 Be6 18. Qc5 Nxd1 19. dxe6 Qe7 20. exf7+
Kf8 21. Qxe7+ Kxe7 22. Kxd1 g4 23. Ng5 Rh5 24. h4 gxh3 25. Nxh3 Rd8+ 26. Bd3
Nb4 27. Rf1 Nxd3 28. cxd3 Rxd3+ 29. Kc2 Rd8 30. Nf4 Rc5+ 31. Kb3 Rc6 32. f8=Q+
Rxf8 33. Nd5+ Ke8 34. Rxf8+ Kxf8 35. a4 Kf7 36. Kb4 Ke6 37. Ne3 Ke5 38. Nc4+
Kd4 39. b3 Rg6 40. a5 Rxg2 41. Nd6 Kd5 42. Nc4 Rg4 43. Kc3 Kc5 44. b4+ Kb5 45.
Nd6+ Kc6 46. Nc4 Rg3+ 47. Kb2 Kb5 48. Nd6+ Kxb4 49. Nxb7 Rg2+ 50. Kb1 Rg6 51.
Kb2 Rf6 52. Nd8 Kxa5 0-1

[Event "TORNEO INT S/C DE LA PALMA"]
[Site "SANTA CRUZ DE LA PALMA"]
[Date "2007.09.12"]
[Round "2.2"]
[White "Hernandez Carmenates, Holden"]
[Black "Llanes Hurtado, Miguel"]
[Result "1/2-1/2"]
[WhiteElo "2544"]
[BlackElo "2446"]
[PlyCount "24"]
[EventDate "2007.09.??"]
[EventType "tourn"]
[EventRounds "10"]
[EventCountry "ESP"]
[EventCategory "9"]

1. d4 d5 2. c4 c6 3. Nc3 Nf6 4. e3 g6 5. Nf3 Bg7 6. cxd5 cxd5 7. Bb5+ Bd7 8.
Qb3 Bxb5 9. Qxb5+ Qd7 10. Ne5 Qxb5 11. Nxb5 Na6 12. Bd2 Ne4 1/2-1/2

[Event "TORNEO INT S/C DE LA PALMA"]
[Site "SANTA CRUZ DE LA PALMA"]
[Date "2007.09.12"]
[Round "2.3"]
[White "Guliev, Logman"]
[Black "Almeida Quintana, Omar"]
[Result "0-1"]
[WhiteElo "2454"]
[BlackElo "2501"]
[PlyCount "106"]
[EventDate "2007.09.??"]
[EventType "tourn"]
[EventRounds "10"]
[EventCountry "ESP"]
[EventCategory "9"]

1. e4 c5 2. Nf3 e6 3. d4 cxd4 4. Nxd4 a6 5. Bd3 Bc5 6. Nb3 Be7 7. O-O d6 8. c4
Nf6 9. Nc3 b6 10. f4 Nbd7 11. Nd4 Bb7 12. Qe2 Qc7 13. b4 O-O 14. Bb2 Rfe8 15.
a3 Bf8 16. Nf3 g6 17. e5 Nh5 18. Be4 Nxf4 19. Qe3 dxe5 20. Bxb7 Qxb7 21. Ne4 f5
22. Nxe5 Nh5 23. Qf3 Ra7 24. Nc6 Nb8 25. Nxa7 fxe4 26. Qe3 Qxa7 27. Bd4 Qb7 28.
Rae1 e5 29. Bxb6 Nd7 30. Ba5 Ndf6 31. Qb6 Qxb6+ 32. Bxb6 Rc8 33. c5 Nf4 34. Ba7
Be7 35. h3 h5 36. Re3 Kf7 37. a4 Ke6 38. Rd1 Nd3 39. Rb1 a5 40. bxa5 Bxc5 41.
Bxc5 Rxc5 42. Rg3 Nf4 43. Ra3 Rxa5 44. Rb6+ Kf5 45. Rb5 Ra6 46. a5 N4d5 47. Kf1
h4 48. Ke2 Nh5 49. Kf2 Nhf4 50. Kg1 e3 51. Rc5 e2 52. Ra1 Ne3 53. Kf2 Nexg2 0-1

[Event "TORNEO INT S/C DE LA PALMA"]
[Site "SANTA CRUZ DE LA PALMA"]
[Date "2007.09.12"]
[Round "3.1"]
[White "Almeida Quintana, Omar"]
[Black "Cabrera Trujillo, Jorge"]
[Result "1-0"]
[WhiteElo "2501"]
[BlackElo "2324"]
[PlyCount "67"]
[EventDate "2007.09.??"]
[EventType "tourn"]
[EventRounds "10"]
[EventCountry "ESP"]
[EventCategory "9"]

1. d4 Nf6 2. Nf3 g6 3. c4 Bg7 4. Nc3 O-O 5. e4 d6 6. h3 e5 7. d5 Na6 8. Bg5 h6
9. Be3 Nc5 10. Nd2 a5 11. Be2 c6 12. O-O Bd7 13. b3 Nh7 14. Rc1 Qe7 15. a3 f5
16. b4 axb4 17. axb4 Na6 18. b5 Nc5 19. Bxc5 dxc5 20. Nb3 f4 21. Bg4 Bxg4 22.
hxg4 Ng5 23. dxc6 bxc6 24. bxc6 h5 25. Qd7 Qxd7 26. cxd7 Rfd8 27. Nxc5 Bf8 28.
Nd3 Rxd7 29. Nxe5 Rd6 30. Nd5 Nxe4 31. Rfe1 Nc5 32. Rcd1 Re8 33. Nf3 Rde6 34.
Nf6+ 1-0

[Event "TORNEO INT S/C DE LA PALMA"]
[Site "SANTA CRUZ DE LA PALMA"]
[Date "2007.09.12"]
[Round "3.2"]
[White "Llanes Hurtado, Miguel"]
[Black "Guliev, Logman"]
[Result "1-0"]
[WhiteElo "2446"]
[BlackElo "2454"]
[PlyCount "89"]
[EventDate "2007.09.??"]
[EventType "tourn"]
[EventRounds "10"]
[EventCountry "ESP"]
[EventCategory "9"]

1. d4 Nf6 2. c4 e6 3. g3 d5 4. Nf3 Bb4+ 5. Bd2 Be7 6. Bg2 O-O 7. O-O c6 8. Qc2
b6 9. Rd1 Ba6 10. Ne5 Nfd7 11. cxd5 cxd5 12. e4 Nf6 13. exd5 Nxd5 14. Nc3 Bb7
15. Qb3 Nd7 16. Nxd5 exd5 17. Bxd5 Bxd5 18. Qxd5 Nxe5 19. Qxe5 Bf6 20. Qf5 Qxd4
21. Bc3 Qc5 22. Qxc5 bxc5 23. Bxf6 gxf6 24. Rac1 Rab8 25. b3 Rfc8 26. Rd7 a5
27. Rc4 Kg7 28. Rd5 Rb5 29. Rg4+ Kf8 30. Rf4 Kg7 31. Rd6 Rb4 32. Rdxf6 Rc7 33.
R6f5 Rd4 34. Rxd4 cxd4 35. Rxa5 Rc2 36. Rd5 Rxa2 37. Rxd4 Rb2 38. b4 Kg6 39.
Rf4 h5 40. Kg2 Rb3 41. Kf1 Rb2 42. Ke1 f6 43. Kd1 h4 44. Kc1 Re2 45. gxh4 1-0

[Event "TORNEO INT S/C DE LA PALMA"]
[Site "SANTA CRUZ DE LA PALMA"]
[Date "2007.09.12"]
[Round "3.3"]
[White "Babaev, Rashad"]
[Black "Hernandez Carmenates, Holden"]
[Result "1/2-1/2"]
[WhiteElo "2488"]
[BlackElo "2544"]
[PlyCount "141"]
[EventDate "2007.09.??"]
[EventType "tourn"]
[EventRounds "10"]
[EventCountry "ESP"]
[EventCategory "9"]

1. e4 c5 2. Nf3 e6 3. d4 cxd4 4. Nxd4 a6 5. Nc3 Qc7 6. Be2 Nc6 7. O-O Nf6 8.
Be3 Bb4 9. Na4 O-O 10. c4 Bd6 11. g3 Nxe4 12. c5 Be5 13. Nf3 d5 14. Nxe5 Nxe5
15. Nb6 Rb8 16. Rc1 Nc6 17. Bf4 e5 18. Nxd5 Qd8 19. Be3 Be6 20. Nb6 Nd4 21. Bd3
Nxc5 22. Rxc5 Qxb6 23. Rxe5 Rbd8 24. Re4 Nf3+ 25. Qxf3 Rxd3 26. Bxb6 Rxf3 27.
b3 Rc3 28. Rfe1 Rfc8 29. R4e2 h6 30. Ba5 Rf3 31. h4 Kh7 32. Re5 Rc2 33. R1e2
Rxe2 34. Rxe2 g5 35. hxg5 hxg5 36. Kf1 Rf5 37. Bc3 Rc5 38. Re3 Kg6 39. Ke2 Bf5
40. a3 Bc2 41. Bd2 g4 42. b4 Rh5 43. Rc3 Be4 44. Rc5 Bf3+ 45. Ke3 Rh8 46. Bc3
f6 47. Bd4 Re8+ 48. Kd3 Re2 49. Be3 Ra2 50. Rc3 Kf5 51. Kd4 Ke6 52. Kc5 f5 53.
b5 axb5 54. Kxb5 Ke5 55. Kc5 Be2 56. Bd4+ Ke6 57. Rb3 Bf3 58. Bb2 f4 59. Kd4
fxg3 60. fxg3 Kd6 61. Rb6+ Kc7 62. Kc5 Be2 63. Be5+ Kc8 64. Bb2 Kc7 65. Rb4 b5
66. Kd4 Kc6 67. Kc3 Bc4 68. Kc2 Kc5 69. Kb1 Kd5 70. Rxb5+ Bxb5 71. Kxa2 1/2-1/2

[Event "TORNEO INT S/C DE LA PALMA"]
[Site "SANTA CRUZ DE LA PALMA"]
[Date "2007.09.13"]
[Round "4.1"]
[White "Cabrera Trujillo, Jorge"]
[Black "Hernandez Carmenates, Holden"]
[Result "0-1"]
[WhiteElo "2324"]
[BlackElo "2544"]
[PlyCount "68"]
[EventDate "2007.09.??"]
[EventType "tourn"]
[EventRounds "10"]
[EventCountry "ESP"]
[EventCategory "9"]

1. e4 c5 2. Nf3 e6 3. d4 cxd4 4. Nxd4 a6 5. c4 Nf6 6. Nc3 Qc7 7. a3 b6 8. Be3
Bb7 9. f3 d6 10. Be2 Nbd7 11. O-O Be7 12. Rc1 O-O 13. Qd2 Rac8 14. b4 Qb8 15.
Nb3 Bd8 16. Kh1 Bc7 17. Bg1 h5 18. Rc2 h4 19. Re1 h3 20. gxh3 Ne5 21. Bd4 Kh7
22. Rg1 g6 23. Qe3 Kg7 24. Na4 Rh8 25. Bf1 Ned7 26. Nb2 e5 27. Bc3 b5 28. c5 d5
29. Be1 dxe4 30. Bf2 exf3 31. Nd1 e4 32. Be1 Bf4 33. Qf2 e3 34. Nxe3 Bxe3 0-1

[Event "TORNEO INT S/C DE LA PALMA"]
[Site "SANTA CRUZ DE LA PALMA"]
[Date "2007.09.13"]
[Round "4.2"]
[White "Guliev, Logman"]
[Black "Babaev, Rashad"]
[Result "1/2-1/2"]
[WhiteElo "2454"]
[BlackElo "2488"]
[PlyCount "29"]
[EventDate "2007.09.??"]
[EventType "tourn"]
[EventRounds "10"]
[EventCountry "ESP"]
[EventCategory "9"]

1. e4 c5 2. Nc3 Nc6 3. g3 g6 4. Bg2 Bg7 5. d3 d6 6. f4 e6 7. Nf3 Nge7 8. O-O
O-O 9. Be3 Nd4 10. Bf2 Nxf3+ 11. Bxf3 Nc6 12. Bg2 Nd4 13. Rb1 Bd7 14. Ne2 Nxe2+
15. Qxe2 1/2-1/2

[Event "TORNEO INT S/C DE LA PALMA"]
[Site "SANTA CRUZ DE LA PALMA"]
[Date "2007.09.13"]
[Round "4.3"]
[White "Almeida Quintana, Omar"]
[Black "Llanes Hurtado, Miguel"]
[Result "1/2-1/2"]
[WhiteElo "2501"]
[BlackElo "2446"]
[PlyCount "29"]
[EventDate "2007.09.??"]
[EventType "tourn"]
[EventRounds "10"]
[EventCountry "ESP"]
[EventCategory "9"]

1. d4 d5 2. c4 c6 3. Nf3 Nf6 4. Nc3 dxc4 5. a4 e6 6. e3 c5 7. Bxc4 Nc6 8. O-O
Be7 9. dxc5 Qxd1 10. Rxd1 Bxc5 11. Nd2 Ke7 12. Nde4 Nxe4 13. Nxe4 Bb4 14. Bd2
Bd7 15. Bb5 1/2-1/2

[Event "TORNEO INT S/C DE LA PALMA"]
[Site "SANTA CRUZ DE LA PALMA"]
[Date "2007.09.14"]
[Round "5.1"]
[White "Llanes Hurtado, Miguel"]
[Black "Cabrera Trujillo, Jorge"]
[Result "0-1"]
[WhiteElo "2446"]
[BlackElo "2324"]
[PlyCount "124"]
[EventDate "2007.09.??"]
[EventType "tourn"]
[EventRounds "10"]
[EventCountry "ESP"]
[EventCategory "9"]

1. d4 Nf6 2. Nf3 g6 3. c4 Bg7 4. Nc3 O-O 5. e4 d6 6. Be2 e5 7. O-O Nc6 8. d5
Ne7 9. b4 Nh5 10. Re1 f5 11. Ng5 Nf6 12. f3 Kh8 13. Rb1 h6 14. Ne6 Bxe6 15.
dxe6 Nc6 16. Nd5 fxe4 17. fxe4 Nxe4 18. Qd3 Nf6 19. Qh3 Ne7 20. Bxh6 Nfxd5 21.
cxd5 Kg8 22. Bg5 Qe8 23. Bxe7 Qxe7 24. Qg4 c6 25. Bf3 cxd5 26. Bxd5 Rf6 27. Rb3
Bh6 28. Qe4 Kg7 29. Bxb7 Rb8 30. Bd5 Rf4 31. Qe2 Rbf8 32. b5 Qc7 33. Bc6 R8f6
34. g3 Qb6+ 35. Kh1 Rf2 36. e7 Rxe2 37. Rxe2 Rf1+ 38. Kg2 Qg1+ 39. Kh3 Rf5 40.
g4 Qf1+ 41. Rg2 Rf8 42. exf8=Q+ Qxf8 43. Ra3 Qe7 44. Rf2 Bf4 45. Kg2 d5 46. Rd3
d4 47. Rb3 Qd6 48. Be4 Qe7 49. b6 axb6 50. Rxb6 Qh4 51. Rxg6+ Kf7 52. Kf1 Qh3+
53. Kg1 Qe3 54. Bb1 d3 55. Rd6 Qc1+ 56. Kg2 Qxb1 57. Rf3 Qxa2+ 58. Rf2 Qb1 59.
Rf3 Qc2+ 60. Rf2 Qd1 61. h3 Ke7 62. Rd5 Qb3 0-1

[Event "TORNEO INT S/C DE LA PALMA"]
[Site "SANTA CRUZ DE LA PALMA"]
[Date "2007.09.14"]
[Round "5.2"]
[White "Babaev, Rashad"]
[Black "Almeida Quintana, Omar"]
[Result "1/2-1/2"]
[WhiteElo "2488"]
[BlackElo "2501"]
[PlyCount "29"]
[EventDate "2007.09.??"]
[EventType "tourn"]
[EventRounds "10"]
[EventCountry "ESP"]
[EventCategory "9"]

1. e4 c5 2. Nf3 Nc6 3. Bb5 e6 4. O-O Nge7 5. c3 a6 6. Ba4 b5 7. Bc2 Bb7 8. d4
cxd4 9. Nxd4 Ng6 10. Nxc6 Bxc6 11. Be3 d5 12. exd5 Bxd5 13. Nd2 Be7 14. Be4 O-O
15. Qe2 1/2-1/2

[Event "TORNEO INT S/C DE LA PALMA"]
[Site "SANTA CRUZ DE LA PALMA"]
[Date "2007.09.14"]
[Round "5.3"]
[White "Hernandez Carmenates, Holden"]
[Black "Guliev, Logman"]
[Result "1-0"]
[WhiteElo "2544"]
[BlackElo "2454"]
[PlyCount "91"]
[EventDate "2007.09.??"]
[EventType "tourn"]
[EventRounds "10"]
[EventCountry "ESP"]
[EventCategory "9"]

1. d4 Nf6 2. c4 e6 3. Nc3 Bb4 4. f3 d5 5. a3 Bxc3+ 6. bxc3 c5 7. cxd5 Nxd5 8.
dxc5 Qa5 9. e4 Ne7 10. Be3 O-O 11. Qb3 Qc7 12. Bb5 Nec6 13. Ne2 e5 14. O-O Be6
15. Qa4 a6 16. Bc4 Bxc4 17. Qxc4 Na5 18. Qa4 Nd7 19. Rfd1 Nxc5 20. Qb4 Rac8 21.
Rd5 Ncb3 22. Rb1 Nc4 23. Bf2 Nbd2 24. Rd1 a5 25. Qb5 Rfd8 26. a4 Qc6 27. R1xd2
Nxd2 28. Qd3 Rxd5 29. exd5 Qxa4 30. Qxd2 Rd8 31. Bb6 Rd7 32. d6 Qb5 33. Bc7 a4
34. Qa2 Qc5+ 35. Kf1 b5 36. Qb1 g6 37. Qb4 Qd5 38. Ke1 Kg7 39. c4 bxc4 40. Qxa4
Qe6 41. Qc6 f5 42. Nc3 g5 43. Na4 Rf7 44. Nc5 Qf6 45. Bd8 Qh6 46. Qe8 1-0

[Event "TORNEO INT S/C DE LA PALMA"]
[Site "SANTA CRUZ DE LA PALMA"]
[Date "2007.09.14"]
[Round "6.1"]
[White "Cabrera Trujillo, Jorge"]
[Black "Guliev, Logman"]
[Result "1/2-1/2"]
[WhiteElo "2324"]
[BlackElo "2454"]
[PlyCount "131"]
[EventDate "2007.09.??"]
[EventType "tourn"]
[EventRounds "10"]
[EventCountry "ESP"]
[EventCategory "9"]

1. e4 e5 2. Nf3 Nc6 3. Bb5 a6 4. Ba4 Nf6 5. O-O Be7 6. Re1 b5 7. Bb3 O-O 8. h3
Bb7 9. d3 h6 10. Nc3 Re8 11. a3 Bf8 12. Nd5 Nb8 13. Ne3 d6 14. Nh4 c5 15. Qf3
d5 16. exd5 e4 17. Qd1 exd3 18. cxd3 Nxd5 19. Nxd5 Rxe1+ 20. Qxe1 Bxd5 21. Bxd5
Qxd5 22. Qe4 Qxe4 23. dxe4 Nc6 24. Nf5 Ne5 25. Be3 Rd8 26. Kf1 Nc4 27. b3 Na5
28. Rb1 Rd3 29. Bxc5 Bxc5 30. b4 Bf8 31. bxa5 g6 32. Ne3 Rxa3 33. Nd5 Rxa5 34.
Rc1 b4 35. Rc8 Kg7 36. Rb8 Bd6 37. Rb7 Ra1+ 38. Ke2 Ra2+ 39. Ke1 a5 40. f4 Rc2
41. e5 Rc5 42. Nxb4 Bxe5 43. fxe5 Rxe5+ 44. Kf2 axb4 45. Rxb4 Ra5 46. Rb3 g5
47. Kf3 Ra4 48. g3 h5 49. g4 h4 50. Kg2 Ra2+ 51. Kg1 Re2 52. Rf3 f6 53. Ra3 Kf7
54. Ra6 Ke7 55. Rb6 Rd2 56. Ra6 Rd6 57. Ra5 Ke6 58. Rf5 Rd4 59. Kg2 Rd2+ 60.
Kg1 Rd5 61. Rf3 Rd4 62. Rf5 Rf4 63. Ra5 Kd6 64. Kg2 Rd4 65. Rf5 Ke6 66. Kg1
1/2-1/2

[Event "TORNEO INT S/C DE LA PALMA"]
[Site "SANTA CRUZ DE LA PALMA"]
[Date "2007.09.14"]
[Round "6.2"]
[White "Hernandez Carmenates, Holden"]
[Black "Almeida Quintana, Omar"]
[Result "1/2-1/2"]
[WhiteElo "2544"]
[BlackElo "2501"]
[PlyCount "81"]
[EventDate "2007.09.??"]
[EventType "tourn"]
[EventRounds "10"]
[EventCountry "ESP"]
[EventCategory "9"]

1. Nf3 Nf6 2. c4 g6 3. Nc3 Bg7 4. d4 O-O 5. e4 d6 6. Be2 c5 7. d5 e6 8. dxe6
Bxe6 9. Bf4 Qb6 10. Qb3 Rd8 11. O-O Nc6 12. Rfd1 Ne8 13. Rd2 Qxb3 14. axb3 Bg4
15. Ne1 Bxe2 16. Nxe2 a6 17. Rad1 b5 18. Ra1 Ne5 19. Bxe5 Bxe5 20. Nd3 Bg7 21.
Kf1 Nc7 22. Ke1 Rab8 23. Kd1 Re8 24. f3 Bh6 25. Ndf4 bxc4 26. bxc4 Ne6 27. g3
Nxf4 28. gxf4 Rb6 29. Kc2 Reb8 30. Rb1 a5 31. Rd3 Bg7 32. Nc3 Bxc3 33. Rxc3 Rb4
34. b3 a4 35. Rb2 Kg7 36. Kd3 Kf6 37. Ra2 axb3 38. Rb2 h6 39. h4 Ke6 40. Rc1 h5
41. Ra1 1/2-1/2

[Event "TORNEO INT S/C DE LA PALMA"]
[Site "SANTA CRUZ DE LA PALMA"]
[Date "2007.09.14"]
[Round "6.3"]
[White "Babaev, Rashad"]
[Black "Llanes Hurtado, Miguel"]
[Result "0-1"]
[WhiteElo "2488"]
[BlackElo "2446"]
[PlyCount "86"]
[EventDate "2007.09.??"]
[EventType "tourn"]
[EventRounds "10"]
[EventCountry "ESP"]
[EventCategory "9"]

1. e4 c5 2. Nf3 Nc6 3. d4 cxd4 4. Nxd4 Nf6 5. Nc3 e5 6. Ndb5 d6 7. Bg5 a6 8.
Na3 b5 9. Nd5 Be7 10. Nxe7 Nxe7 11. Bxf6 gxf6 12. c4 f5 13. Bd3 O-O 14. exf5
Bxf5 15. O-O e4 16. Be2 bxc4 17. Nxc4 d5 18. Ne3 d4 19. Nxf5 Nxf5 20. Bc4 Qg5
21. Kh1 Rad8 22. Bxa6 Rd6 23. Bb7 Rh6 24. Rc1 Nh4 25. Bxe4 Qe5 26. Qg4+ Ng6 27.
g3 f5 28. Bxf5 Rxf5 29. Rc8+ Kg7 30. Rc7+ Qxc7 31. Qxf5 Ne5 32. Qe4 Qc6 33. Re1
Qxe4+ 34. Rxe4 Nc6 35. Kg2 Rd6 36. Kf1 Nb4 37. a3 Nd3 38. Re2 Kf6 39. Rd2 Ne5
40. b3 d3 41. Rd1 Kf5 42. h3 Nf3 43. a4 Ke4 0-1

[Event "TORNEO INT S/C DE LA PALMA"]
[Site "SANTA CRUZ DE LA PALMA"]
[Date "2007.09.15"]
[Round "7.1"]
[White "Babaev, Rashad"]
[Black "Cabrera Trujillo, Jorge"]
[Result "1/2-1/2"]
[WhiteElo "2488"]
[BlackElo "2324"]
[PlyCount "39"]
[EventDate "2007.09.??"]
[EventType "tourn"]
[EventRounds "10"]
[EventCountry "ESP"]
[EventCategory "9"]

1. e4 c5 2. Nf3 d6 3. Bb5+ Bd7 4. Bxd7+ Qxd7 5. O-O Nf6 6. Qe2 Nc6 7. Rd1 e6 8.
b3 Be7 9. Bb2 O-O 10. d3 e5 11. Nbd2 Rfe8 12. a4 Bf8 13. Nc4 g6 14. Qd2 Bg7 15.
Re1 Rad8 16. h3 Qc7 17. Qg5 d5 18. exd5 Nxd5 19. Rad1 f6 20. Qc1 1/2-1/2

[Event "TORNEO INT S/C DE LA PALMA"]
[Site "SANTA CRUZ DE LA PALMA"]
[Date "2007.09.15"]
[Round "7.3"]
[White "Almeida Quintana, Omar"]
[Black "Guliev, Logman"]
[Result "1/2-1/2"]
[WhiteElo "2501"]
[BlackElo "2454"]
[PlyCount "101"]
[EventDate "2007.09.??"]
[EventType "tourn"]
[EventRounds "10"]
[EventCountry "ESP"]
[EventCategory "9"]

1. d4 Nf6 2. c4 g6 3. Nc3 Bg7 4. e4 d6 5. h3 O-O 6. Bg5 c6 7. Nf3 Nbd7 8. Be2
e5 9. d5 cxd5 10. cxd5 a5 11. O-O Nc5 12. Nd2 a4 13. Qc2 Bd7 14. b4 axb3 15.
axb3 Qc7 16. Rac1 Rfc8 17. Qb1 Qb8 18. Bb5 Nh5 19. b4 Na4 20. Nxa4 Bxb5 21. Nb6
Re8 22. Nxa8 Bxf1 23. Nb6 Bb5 24. g3 h6 25. Be3 Qd8 26. Rc8 Qf6 27. Qc2 Qe7 28.
Rxe8+ Bxe8 29. Qc8 Kh7 30. Nbc4 Bb5 31. Na5 Ba6 32. Nb1 Nf4 33. Nc3 Ne2+ 34.
Nxe2 Bxe2 35. Qxb7 Qe8 36. Nb3 f5 37. Nd2 Bd3 38. Qc7 Qf8 39. Qb7 Qe8 40. h4
Qa4 41. Kh2 Qd1 42. Qe7 Qe2 43. Qxd6 f4 44. gxf4 Qg4 45. Qe7 g5 46. f3 Qxh4+
47. Kg2 Qe1 48. Qe6 Qxe3 49. Qf5+ Kg8 50. Qe6+ Kh8 51. Qc8+ 1/2-1/2

[Event "TORNEO INT S/C DE LA PALMA"]
[Site "SANTA CRUZ DE LA PALMA"]
[Date "2007.09.16"]
[Round "8.1"]
[White "Cabrera Trujillo, Jorge"]
[Black "Almeida Quintana, Omar"]
[Result "1/2-1/2"]
[WhiteElo "2324"]
[BlackElo "2501"]
[PlyCount "64"]
[EventDate "2007.09.??"]
[EventType "tourn"]
[EventRounds "10"]
[EventCountry "ESP"]
[EventCategory "9"]

1. e4 c5 2. Nf3 d6 3. d4 cxd4 4. Nxd4 Nf6 5. Nc3 Nc6 6. Bg5 Bd7 7. Be2 Qa5 8.
Bxf6 gxf6 9. O-O Nxd4 10. Qxd4 Rc8 11. Kh1 Qc5 12. Qd3 f5 13. exf5 Qxf5 14. Qg3
h5 15. Bd3 Qg4 16. Qe3 Rg8 17. Be4 Bc6 18. Nd5 Bxd5 19. Bxd5 b6 20. c3 Qg5 21.
Qd3 e6 22. Bf3 Be7 23. Qa6 Rc7 24. a4 d5 25. a5 Bc5 26. Qe2 bxa5 27. Rxa5 Kf8
28. Ra4 h4 29. c4 dxc4 30. Rxc4 Bd6 31. Rd1 Rxc4 32. Qxc4 Qf4 1/2-1/2

[Event "TORNEO INT S/C DE LA PALMA"]
[Site "SANTA CRUZ DE LA PALMA"]
[Date "2007.09.16"]
[Round "8.2"]
[White "Guliev, Logman"]
[Black "Llanes Hurtado, Miguel"]
[Result "0-1"]
[WhiteElo "2454"]
[BlackElo "2446"]
[PlyCount "84"]
[EventDate "2007.09.??"]
[EventType "tourn"]
[EventRounds "10"]
[EventCountry "ESP"]
[EventCategory "9"]

1. e4 e6 2. d4 d5 3. Nc3 Nf6 4. Bg5 dxe4 5. Nxe4 Be7 6. Bxf6 gxf6 7. Nf3 f5 8.
Ned2 c5 9. Bb5+ Bd7 10. Bxd7+ Nxd7 11. O-O cxd4 12. Nxd4 O-O 13. N2f3 Bf6 14.
c3 Nc5 15. a4 Qd5 16. a5 Rad8 17. Qe2 a6 18. h3 Qe4 19. Rfe1 Qxe2 20. Rxe2 Rd5
21. g3 Rc8 22. g4 fxg4 23. hxg4 Nd7 24. Kg2 Rcc5 25. Nb3 Rc4 26. Nfd4 Ne5 27.
f3 Nd3 28. Rd2 Nc5 29. Nxc5 Rcxc5 30. Nb3 Rb5 31. Rxd5 exd5 32. Nd4 Rxb2+ 33.
Kg3 Be5+ 34. f4 Bxd4 35. cxd4 Rb4 36. g5 Kg7 37. Rd1 Kg6 38. Kg4 f5+ 39. gxf6
h5+ 40. Kf3 Kxf6 41. Rd2 Kf5 42. Rd3 h4 0-1

[Event "TORNEO INT S/C DE LA PALMA"]
[Site "SANTA CRUZ DE LA PALMA"]
[Date "2007.09.16"]
[Round "8.3"]
[White "Hernandez Carmenates, Holden"]
[Black "Babaev, Rashad"]
[Result "1-0"]
[WhiteElo "2544"]
[BlackElo "2488"]
[PlyCount "63"]
[EventDate "2007.09.??"]
[EventType "tourn"]
[EventRounds "10"]
[EventCountry "ESP"]
[EventCategory "9"]

1. e4 c5 2. Nc3 d6 3. f4 g6 4. d4 cxd4 5. Qxd4 Nf6 6. Bd3 Bg7 7. h3 O-O 8. Nf3
Nbd7 9. Qf2 Qb6 10. Qxb6 Nxb6 11. a4 Nbd7 12. Be3 Nc5 13. Kd2 b6 14. b4 Nxd3
15. cxd3 Bb7 16. Rac1 e5 17. Nb5 exf4 18. Bxf4 d5 19. e5 Nh5 20. Be3 d4 21.
Nbxd4 Ng3 22. Rhe1 Rfc8 23. Rxc8+ Rxc8 24. Nb5 Bxf3 25. gxf3 Bxe5 26. Nxa7 Rc7
27. Nb5 Rc6 28. Bxb6 Bf4+ 29. Be3 Bxe3+ 30. Kxe3 Rc2 31. Nd4 Ra2 32. a5 1-0

[Event "TORNEO INT S/C DE LA PALMA"]
[Site "SANTA CRUZ DE LA PALMA"]
[Date "2007.09.16"]
[Round "9.1"]
[White "Hernandez Carmenates, Holden"]
[Black "Cabrera Trujillo, Jorge"]
[Result "1-0"]
[WhiteElo "2544"]
[BlackElo "2324"]
[PlyCount "51"]
[EventDate "2007.09.??"]
[EventType "tourn"]
[EventRounds "10"]
[EventCountry "ESP"]
[EventCategory "9"]

1. d4 Nf6 2. c4 g6 3. Nc3 Bg7 4. Nf3 O-O 5. e4 d6 6. Be2 e5 7. O-O Nc6 8. d5
Ne7 9. b4 Nh5 10. Re1 f5 11. Ng5 Nf6 12. f3 Kh8 13. Be3 c6 14. Qd2 cxd5 15.
cxd5 fxe4 16. fxe4 Ng4 17. Bxg4 Bxg4 18. Rf1 Bf6 19. h3 Bd7 20. Ne6 Bxe6 21.
dxe6 Ng8 22. Nd5 b6 23. Rxf6 Rxf6 24. Bg5 Kg7 25. Nxf6 Nxf6 26. Rf1 1-0